Louis Partridge Filmography - Statistics

General Stats
  • This quiz has been taken 28 times
    10 since last reset
  • The average score is 5 of 17
Answer Stats
Type Year Name % Correct
Film 2020 Enola Holmes
83%
Film 2022 Enola Holmes 2
83%
Film 2024 Argylle
50%
Web Series 2024 Disclaimer
50%
Web Series TBA House of Guinness
50%
Film 2022 The Lost Girls
50%
Film TBA Enola Holmes 3
33%
Film 2025 Jay Kelly
33%
Film 2017 Paddington 2
33%
Web Mini-Series 2022 Pistol
33%
TV Show 2019 Medici
17%
Short Film 2014 About a Dog
0%
Film 2017 Amazon Adventure
0%
Short Film 2014 Beneath Water
0%
TV Show 2014 Boomers
0%
Film 2015 Pan
0%
Short Film 2016 Second Skin
0%
No matching quizzes found
Score Distribution
Percent of People with Each Score
Percentile by Number Answered
Your Score History
You have not taken this quiz since the last reset